000
00278nam a2200133Ia 4500
100
_a
Nash/ W.A.
942
_c
BK
654
_a
Materials
245
_a
Strength Of Materials
260
_b
McGraw Hill
_a
New York
_c
1977
082
_a
620.112
300
_a
394
546
_a
ENGLISH
999
_c
33251
_d
33251